Detalles MARC
| 000 -LEADER |
| fixed length control field |
02736nam a2200433Ii 4500 |
| 001 - CONTROL NUMBER |
| control field |
DIGCSIC2716 |
| 003 - CONTROL NUMBER IDENTIFIER |
| control field |
NyNyDIG |
| 006 - FIXED-LENGTH DATA ELEMENTS--ADDITIONAL MATERIAL CHARACTERISTICS |
| fixed length control field |
m o d |
| 007 - PHYSICAL DESCRIPTION FIXED FIELD--GENERAL INFORMATION |
| fixed length control field |
cr ||||||||||| |
| 008 - FIXED-LENGTH DATA ELEMENTS--GENERAL INFORMATION |
| fixed length control field |
121201s2011 sp ob 001 0 spa d |
| 020 ## - INTERNATIONAL STANDARD BOOK NUMBER |
| International Standard Book Number |
9788400093112 |
| Qualifying information |
(eBook) |
| 020 ## - INTERNATIONAL STANDARD BOOK NUMBER |
| Canceled/invalid ISBN |
9788400093105 |
| 020 ## - INTERNATIONAL STANDARD BOOK NUMBER |
| Canceled/invalid ISBN |
8400093100 |
| 035 ## - SYSTEM CONTROL NUMBER |
| System control number |
(OCoLC)849482834 |
| 040 ## - CATALOGING SOURCE |
| Original cataloging agency |
DGITA |
| Language of cataloging |
eng |
| Description conventions |
pn |
| Transcribing agency |
DGITA |
| 043 ## - GEOGRAPHIC AREA CODE |
| Geographic area code |
e-sp--- |
| 050 14 - LIBRARY OF CONGRESS CALL NUMBER |
| Classification number |
DP103.7 eBook |
| 245 00 - TITLE STATEMENT |
| Title |
Caridad y compasión en biografías islámicas / |
| Statement of responsibility, etc. |
Ana María Carballeira Debasa, ed. |
| 264 #1 - PRODUCTION, PUBLICATION, DISTRIBUTION, MANUFACTURE, AND COPYRIGHT NOTICE |
| Place of production, publication, distribution, manufacture |
Madrid : |
| Name of producer, publisher, distributor, manufacturer |
Consejo Superior de Investigaciones Científicas, |
| Date of production, publication, distribution, manufacture, or copyright notice |
2011. |
| 300 ## - PHYSICAL DESCRIPTION |
| Extent |
1 online resource (350 pages) |
| 336 ## - CONTENT TYPE |
| Content type term |
text |
| Content type code |
txt |
| Source |
rdacontent |
| 337 ## - MEDIA TYPE |
| Media type term |
computer |
| Media type code |
c |
| Source |
rdamedia |
| 338 ## - CARRIER TYPE |
| Carrier type term |
online resource |
| Carrier type code |
cr |
| Source |
rdacarrier |
| 490 1# - SERIES STATEMENT |
| Series statement |
Estudios onomástico-biográficos de Al-Andalus ; |
| Volume/sequential designation |
16. |
| 504 ## - BIBLIOGRAPHY, ETC. NOTE |
| Bibliography, etc. note |
Includes bibliographical references (p. [333]-350). |
| 505 0# - FORMATTED CONTENTS NOTE |
| Formatted contents note |
Introducción -- Limosna y recompensa divina en algunas obras de adab /Teresa Garulo -- Compasión ante la adversidad: notas acerca del repligue de al-Andalus y la piedad hacia la población en las fuentes árabes del siglo VII/XIII / José Ramírez del Río. -- The Discourse of Charity and Piety in Medieval Arabic Literary Sources / Yaacov Lev -- Caridad y poder político en época omeya / Ana María Carballeira Debasa -- El Maristán de Granada al servicio del poder nazarí: el uso político de la caridad / Antonio Peláez Rovira -- La compasión, virtud del sultán, en el Musnad de Ibn Marzūq / María Jesús Viguera Molins -- Charity and Hagiography: the Akhbār Abī l-'Abbās al-Sabtī of Ibn al-Zayyāt al-Tādilī / Adam Sabra -- El Hour, Rachid, El santo y los demás. La caridad en Tuhfat al-mugtarib de al-Qaštālī / Rachid El Hour -- De la caridad a la profecía. Desconstrucción de una etopeya legendaria paleoislámica / Juan Pedro Monferrer Sala -- La caridad islámica y los no musulmanes. Los legados píos de los ḏimmíes en al-Andalus (siglos IV/X-VI/XII) / Alejandro García Sanjuán -- Índice de siglas -- Fuentes. |
| 650 #0 - SUBJECT ADDED ENTRY--TOPICAL TERM |
| Topical term or geographic name entry element |
Muslims |
| Geographic subdivision |
Spain |
| Form subdivision |
Biography |
| General subdivision |
History and criticism. |
| 650 #0 - SUBJECT ADDED ENTRY--TOPICAL TERM |
| Topical term or geographic name entry element |
Charity |
| General subdivision |
Religious aspects |
| -- |
Islam. |
| 650 #0 - SUBJECT ADDED ENTRY--TOPICAL TERM |
| Topical term or geographic name entry element |
Compassion |
| General subdivision |
Religious aspects |
| -- |
Islam. |
| 651 #0 - SUBJECT ADDED ENTRY--GEOGRAPHIC NAME |
| Geographic name |
Spain |
| General subdivision |
History |
| Chronological subdivision |
711-1516 |
| Form subdivision |
Biography. |
| 655 #0 - INDEX TERM--GENRE/FORM |
| Genre/form data or focus term |
Electronic books. |
| 700 1# - ADDED ENTRY--PERSONAL NAME |
| Personal name |
Carballeira Debasa, Ana María. |
| 791 2# - |
| -- |
Digitalia (Firm), |
| -- |
distributor. |
| 793 0# - |
| -- |
Digitalia eBook Collection: |
| -- |
Editorial CSIC. |
| 830 #0 - SERIES ADDED ENTRY--UNIFORM TITLE |
| Uniform title |
Estudios onomástico-biográficos de Al-Andalus ; |
| Volume/sequential designation |
16. |
| 856 40 - ELECTRONIC LOCATION AND ACCESS |
| Materials specified |
Digitalia Hispánica |
| Uniform Resource Identifier |
<a href="https://www.digitaliapublishing.com/a/13378/">https://www.digitaliapublishing.com/a/13378/</a> |
| 910 ## - USER-OPTION DATA (OCLC) |
| User-option data |
Premium Collection: 2007-2012 |
| 942 ## - ADDED ENTRY ELEMENTS (KOHA) |
| Koha item type |
Recurso Electrónico |